| 000 | 00933nam a2200253Ia 4500 | ||
|---|---|---|---|
| 003 | OSt | ||
| 005 | 20200827001828.0 | ||
| 008 | 191128s2008 ck gr 000 0 spa d | ||
| 020 | _a9789588295886 | ||
| 040 |
_aCO-JMCR _cCO-JMCR |
||
| 041 | 0 | _aspa | |
| 082 | 0 | 4 |
_a350.147 / _bN415b _223 |
| 100 | 1 |
_aNeira Quintero, Jesús, _eautor _99319 |
|
| 245 | 1 | 3 |
_aEl buen servidor público / _cJesús Neira Quintero |
| 250 | _a2a. edición | ||
| 260 |
_aBogotá : _bProcuraduría General de la Nación, _c2008 |
||
| 300 |
_a180 páginas ; _c22 cm. |
||
| 504 | _aBibliografía: páginas 179-180. | ||
| 505 | 0 | _aServidor público y sus actividades -- Cultura clima organizacional del servidor público -- El buen servidor público no debe caer en el abismo -- Cómo ser un gerente público | |
| 650 | 1 | 4 |
_aFuncionarios públicos _94661 |
| 650 | 1 | 4 |
_aFunción pública _99320 |
| 650 | 2 | 4 |
_aMejoramiento continuo _99321 |
| 942 |
_2ddc _cBK |
||
| 999 |
_c5940 _d5940 |
||